| 000 | 00637nam a2200241Ia 4500 | ||
|---|---|---|---|
| 003 | OSt | ||
| 005 | 20221122153705.0 | ||
| 008 | 210423s2013 xx 000 0 und d | ||
| 020 | _a978-0-19-959959-2 | ||
| 040 | _cAL | ||
| 041 | _aeng | ||
| 082 | _a541.3 ATKA | ||
| 100 |
_aATKINS (Peter);DE PAULA (Julio) _963232 |
||
| 245 | _aAtkins physical chemistry Ed 9 | ||
| 250 | _a9 | ||
| 260 |
_aNew Delhi _bOxford University Press _c2013 |
||
| 300 |
_axvi,972p _bPB |
||
| 365 |
_b735 _cINR |
||
| 650 |
_aChemistry _963233 |
||
| 650 |
_aPhysical Chemistry _963234 |
||
| 906 | _aAtkins ; chemistry ; Ed9 ; physical | ||
| 942 |
_2ddc _cBK |
||
| 999 |
_c165931 _d165931 |
||